<?xml version="1.0" encoding="UTF-8"?>
<record
    xmlns:xsi="http://www.w3.org/2001/XMLSchema-instance"
    xsi:schemaLocation="http://www.loc.gov/MARC21/slim http://www.loc.gov/standards/marcxml/schema/MARC21slim.xsd"
    xmlns="http://www.loc.gov/MARC21/slim">

  <leader>03077ngm a2200481   4500</leader>
  <controlfield tag="003">dpl</controlfield>
  <controlfield tag="005">20100313132434.0</controlfield>
  <controlfield tag="007">DVD </controlfield>
  <controlfield tag="008">||||||sp199   xxu|||||c |||  00| 0 ng d </controlfield>
  <datafield tag="010" ind1=" " ind2=" ">
    <subfield code="a">DVD-006569-6577</subfield>
  </datafield>
  <datafield tag="024" ind1=" " ind2=" ">
    <subfield code="c">49.00</subfield>
    <subfield code="a">SHE 396 F2</subfield>
  </datafield>
  <datafield tag="035" ind1=" " ind2=" ">
    <subfield code="a">DVD-006569-6577</subfield>
  </datafield>
  <datafield tag="040" ind1=" " ind2=" ">
    <subfield code="a">DPL</subfield>
    <subfield code="c">DPL</subfield>
  </datafield>
  <datafield tag="082" ind1=" " ind2=" ">
    <subfield code="a">DVD APNA</subfield>
  </datafield>
  <datafield tag="245" ind1=" " ind2=" ">
    <subfield code="a">Apnapan</subfield>
    <subfield code="c">Filmyug Private  Presents</subfield>
    <subfield code="h">[videorecording] VCD/</subfield>
  </datafield>
  <datafield tag="260" ind1=" " ind2=" ">
    <subfield code="b">Shemaroo Home Entertainment</subfield>
  </datafield>
  <datafield tag="300" ind1=" " ind2=" ">
    <subfield code="a">2 videodisc VCD; </subfield>
    <subfield code="b">sd., col. ;</subfield>
    <subfield code="c">4 3/4 in.</subfield>
    <subfield code="f">VCD</subfield>
  </datafield>
  <datafield tag="440" ind1=" " ind2=" ">
    <subfield code="a">Shemaroo Home Entertainment</subfield>
  </datafield>
  <datafield tag="500" ind1=" " ind2=" ">
    <subfield code="a">Mastered From The Original Film</subfield>
  </datafield>
  <datafield tag="500" ind1=" " ind2=" ">
    <subfield code="a">This Title in Completed with 2 Disc. Not to be sold individually.</subfield>
  </datafield>
  <datafield tag="500" ind1=" " ind2=" ">
    <subfield code="a">Filmfare Award Winner: Best Lyricist- Anand Bakshi
Best Supporting Actress- Reena Roy</subfield>
  </datafield>
  <datafield tag="538" ind1=" " ind2=" ">
    <subfield code="a">Dolby Digital 5.1 - Hindi Subtitles: English</subfield>
  </datafield>
  <datafield tag="538" ind1=" " ind2=" ">
    <subfield code="a">NTSC Format-All Regions, 16x9 Anamorphic (2:23.1 Aspect Ratio), Dual Layer</subfield>
  </datafield>
  <datafield tag="650" ind1=" " ind2=" ">
    <subfield code="a">Motion Picture</subfield>
  </datafield>
  <datafield tag="700" ind1=" " ind2=" ">
    <subfield code="a">J. Om Prakash</subfield>
  </datafield>
  <datafield tag="700" ind1=" " ind2=" ">
    <subfield code="a">Laxmikant Pyarelal</subfield>
  </datafield>
  <datafield tag="700" ind1=" " ind2=" ">
    <subfield code="a">Jeetendra</subfield>
  </datafield>
  <datafield tag="700" ind1=" " ind2=" ">
    <subfield code="a">Roy, Reena</subfield>
  </datafield>
  <datafield tag="700" ind1=" " ind2=" ">
    <subfield code="a">Pandit, Sulakshna</subfield>
  </datafield>
  <datafield tag="700" ind1=" " ind2=" ">
    <subfield code="a">Sanjeev Kumar</subfield>
  </datafield>
  <datafield tag="700" ind1=" " ind2=" ">
    <subfield code="a">Irani, Aruna</subfield>
  </datafield>
  <datafield tag="942" ind1=" " ind2=" ">
    <subfield code="c">CF</subfield>
    <subfield code="2">ddc</subfield>
    <subfield code="h">DVD</subfield>
    <subfield code="m">APNA</subfield>
  </datafield>
  <datafield tag="999" ind1=" " ind2=" ">
    <subfield code="c">34641</subfield>
    <subfield code="d">34641</subfield>
  </datafield>
  <datafield tag="952" ind1=" " ind2=" ">
    <subfield code="0">0</subfield>
    <subfield code="1">0</subfield>
    <subfield code="2">ddc</subfield>
    <subfield code="4">0</subfield>
    <subfield code="7">0</subfield>
    <subfield code="a">L</subfield>
    <subfield code="b">L</subfield>
    <subfield code="d">2010-03-13</subfield>
    <subfield code="e">Pioneers/1099/25-12-09/325/13-10-09 /30-12-09 </subfield>
    <subfield code="g">49.00</subfield>
    <subfield code="l">11</subfield>
    <subfield code="o">DVD APNA</subfield>
    <subfield code="p">DVD-006569</subfield>
    <subfield code="r">2018-06-30 00:00:00</subfield>
    <subfield code="s">2018-06-18</subfield>
    <subfield code="t">1</subfield>
    <subfield code="v">49.00</subfield>
    <subfield code="w">2010-03-13</subfield>
    <subfield code="y">CF</subfield>
  </datafield>
  <datafield tag="952" ind1=" " ind2=" ">
    <subfield code="0">0</subfield>
    <subfield code="1">0</subfield>
    <subfield code="2">ddc</subfield>
    <subfield code="4">0</subfield>
    <subfield code="7">0</subfield>
    <subfield code="a">BL1</subfield>
    <subfield code="b">BL1</subfield>
    <subfield code="d">2010-03-13</subfield>
    <subfield code="e">Pioneers/1099/25-12-09/325/13-10-09 /30-12-09 </subfield>
    <subfield code="g">49.00</subfield>
    <subfield code="l">4</subfield>
    <subfield code="o">DVD APNA</subfield>
    <subfield code="p">DVD-006570</subfield>
    <subfield code="r">2011-01-15 00:00:00</subfield>
    <subfield code="s">2010-09-27</subfield>
    <subfield code="t">1</subfield>
    <subfield code="v">49.00</subfield>
    <subfield code="w">2010-03-13</subfield>
    <subfield code="y">CF</subfield>
  </datafield>
  <datafield tag="952" ind1=" " ind2=" ">
    <subfield code="0">0</subfield>
    <subfield code="1">0</subfield>
    <subfield code="2">ddc</subfield>
    <subfield code="4">0</subfield>
    <subfield code="7">0</subfield>
    <subfield code="a">JP</subfield>
    <subfield code="b">JP</subfield>
    <subfield code="d">2010-03-13</subfield>
    <subfield code="e">Pioneers/1099/25-12-09/325/13-10-09 /30-12-09 </subfield>
    <subfield code="g">49.00</subfield>
    <subfield code="l">5</subfield>
    <subfield code="m">1</subfield>
    <subfield code="o">DVD APNA</subfield>
    <subfield code="p">DVD-006571</subfield>
    <subfield code="r">2013-02-28 00:00:00</subfield>
    <subfield code="s">2013-02-25</subfield>
    <subfield code="t">1</subfield>
    <subfield code="v">49.00</subfield>
    <subfield code="w">2010-03-13</subfield>
    <subfield code="y">CF</subfield>
  </datafield>
  <datafield tag="952" ind1=" " ind2=" ">
    <subfield code="0">0</subfield>
    <subfield code="1">0</subfield>
    <subfield code="2">ddc</subfield>
    <subfield code="4">0</subfield>
    <subfield code="7">0</subfield>
    <subfield code="a">ZLS</subfield>
    <subfield code="b">ZLS</subfield>
    <subfield code="d">2010-03-13</subfield>
    <subfield code="e">Pioneers/1099/25-12-09/325/13-10-09 /30-12-09 </subfield>
    <subfield code="g">49.00</subfield>
    <subfield code="l">5</subfield>
    <subfield code="o">DVD APNA</subfield>
    <subfield code="p">DVD-006572</subfield>
    <subfield code="r">2018-05-09 00:00:00</subfield>
    <subfield code="s">2018-04-25</subfield>
    <subfield code="t">1</subfield>
    <subfield code="v">49.00</subfield>
    <subfield code="w">2010-03-13</subfield>
    <subfield code="y">CF</subfield>
  </datafield>
  <datafield tag="952" ind1=" " ind2=" ">
    <subfield code="0">0</subfield>
    <subfield code="1">0</subfield>
    <subfield code="2">ddc</subfield>
    <subfield code="4">0</subfield>
    <subfield code="7">0</subfield>
    <subfield code="a">RKP</subfield>
    <subfield code="b">RKP</subfield>
    <subfield code="d">2010-03-13</subfield>
    <subfield code="e">Pioneers/1099/25-12-09/325/13-10-09 /30-12-09 </subfield>
    <subfield code="g">49.00</subfield>
    <subfield code="l">0</subfield>
    <subfield code="o">DVD APNA</subfield>
    <subfield code="p">DVD-006573</subfield>
    <subfield code="r">2010-03-13 00:00:00</subfield>
    <subfield code="t">1</subfield>
    <subfield code="v">49.00</subfield>
    <subfield code="w">2010-03-13</subfield>
    <subfield code="y">CF</subfield>
  </datafield>
  <datafield tag="952" ind1=" " ind2=" ">
    <subfield code="0">0</subfield>
    <subfield code="1">0</subfield>
    <subfield code="2">ddc</subfield>
    <subfield code="4">0</subfield>
    <subfield code="7">0</subfield>
    <subfield code="a">VP</subfield>
    <subfield code="b">VP</subfield>
    <subfield code="d">2010-03-13</subfield>
    <subfield code="e">Pioneers/1099/25-12-09/325/13-10-09 /30-12-09 </subfield>
    <subfield code="g">49.00</subfield>
    <subfield code="l">0</subfield>
    <subfield code="o">DVD APNA</subfield>
    <subfield code="p">DVD-006574</subfield>
    <subfield code="r">2010-03-13 00:00:00</subfield>
    <subfield code="t">1</subfield>
    <subfield code="v">49.00</subfield>
    <subfield code="w">2010-03-13</subfield>
    <subfield code="y">CF</subfield>
  </datafield>
  <datafield tag="952" ind1=" " ind2=" ">
    <subfield code="0">0</subfield>
    <subfield code="1">0</subfield>
    <subfield code="2">ddc</subfield>
    <subfield code="4">0</subfield>
    <subfield code="7">0</subfield>
    <subfield code="a">BL3</subfield>
    <subfield code="b">BL3</subfield>
    <subfield code="d">2010-03-13</subfield>
    <subfield code="e">Pioneers/1099/25-12-09/325/13-10-09 /30-12-09 </subfield>
    <subfield code="g">49.00</subfield>
    <subfield code="l">4</subfield>
    <subfield code="o">DVD APNA</subfield>
    <subfield code="p">DVD-006575</subfield>
    <subfield code="r">2012-09-25 00:00:00</subfield>
    <subfield code="s">2012-09-13</subfield>
    <subfield code="t">1</subfield>
    <subfield code="v">49.00</subfield>
    <subfield code="w">2010-03-13</subfield>
    <subfield code="y">CF</subfield>
  </datafield>
  <datafield tag="952" ind1=" " ind2=" ">
    <subfield code="0">0</subfield>
    <subfield code="1">0</subfield>
    <subfield code="2">ddc</subfield>
    <subfield code="4">0</subfield>
    <subfield code="7">0</subfield>
    <subfield code="a">NR</subfield>
    <subfield code="b">NR</subfield>
    <subfield code="d">2010-03-13</subfield>
    <subfield code="e">Pioneers/1099/25-12-09/325/13-10-09 /30-12-09 </subfield>
    <subfield code="g">49.00</subfield>
    <subfield code="l">0</subfield>
    <subfield code="o">DVD APNA</subfield>
    <subfield code="p">DVD-006576</subfield>
    <subfield code="r">2010-03-13 00:00:00</subfield>
    <subfield code="t">1</subfield>
    <subfield code="v">49.00</subfield>
    <subfield code="w">2010-03-13</subfield>
    <subfield code="y">CF</subfield>
  </datafield>
  <datafield tag="952" ind1=" " ind2=" ">
    <subfield code="0">0</subfield>
    <subfield code="1">0</subfield>
    <subfield code="2">ddc</subfield>
    <subfield code="4">0</subfield>
    <subfield code="7">0</subfield>
    <subfield code="a">BL4</subfield>
    <subfield code="b">BL4</subfield>
    <subfield code="d">2010-03-13</subfield>
    <subfield code="e">Pioneers/1099/25-12-09/325/13-10-09 /30-12-09 </subfield>
    <subfield code="g">49.00</subfield>
    <subfield code="l">0</subfield>
    <subfield code="o">DVD APNA</subfield>
    <subfield code="p">DVD-006577</subfield>
    <subfield code="r">2010-03-13 00:00:00</subfield>
    <subfield code="t">1</subfield>
    <subfield code="v">49.00</subfield>
    <subfield code="w">2010-03-13</subfield>
    <subfield code="y">CF</subfield>
  </datafield>
</record>
